Konverzia extrarizík do špeciálnych poistných podmienok v životnom poistení
Hlavné oblasti rizika a neistoty v životnej poisťovni. Riziko z úmrtnosti (mortalitné riziko). Úloha upisovania produktov životného poistenia pri redukcii mortalitného rizika. Extrariziko a jeho konverzia do špeciálnych poistných podmienok. Extrapoistné a základné produkty životného poistenia. Veľko...
Enregistré dans:
| Auteur principal: | |
|---|---|
| Autres auteurs: | |
| Format: | Chapitre de livre |
| Langue: | slovaque |
| Sujets: | |
| Tags: |
Pas de tags, Soyez le premier à ajouter un tag!
|
MARC
| LEADER | 00000naa a2200000 4500 | ||
|---|---|---|---|
| 001 | r044152 | ||
| 005 | 20240502071338.5 | ||
| 041 | 0 | |a slo | |
| 044 | |a SK | ||
| 245 | 1 | 0 | |a Konverzia extrarizík do špeciálnych poistných podmienok v životnom poistení |c František Peller, Katarína Sakálová |
| 520 | |a Hlavné oblasti rizika a neistoty v životnej poisťovni. Riziko z úmrtnosti (mortalitné riziko). Úloha upisovania produktov životného poistenia pri redukcii mortalitného rizika. Extrariziko a jeho konverzia do špeciálnych poistných podmienok. Extrapoistné a základné produkty životného poistenia. Veľkosť zrážky. | ||
| 610 | 2 | 0 | |a poistenie životné |
| 610 | 2 | 0 | |a riziko poistné |
| 610 | 2 | 0 | |a podmienky poistné |
| 610 | 2 | 0 | |a úmrtnosť |
| 610 | 2 | 0 | |a zrážky obchodné |
| 100 | 1 | |a Peller, František | |
| 700 | 1 | |a Sakálová, Katarína, 1955- | |